000 00302nam a2200109Ia 4500
008 171211s9999 xx 000 0 und d
245 _aDrawing Beautiful Women: The Frank Cho Method
245 _cFrank Cho
260 _c2014
650 _xDesign
856 _uhttp://down.ebook777.com/062/1933865598.pdf
999 _c347914
_d347914